Merchants of essaouira : urban society and imperialism in southwestern Morocco, 1844-1886

Αποθηκεύτηκε σε:
Λεπτομέρειες βιβλιογραφικής εγγραφής
Κύριος συγγραφέας: Schroeter, Daniel J.
Μορφή: Βιβλίο
Γλώσσα:English
Δημοσίευση: Cambridge : Cambridge University Press, c1987
Σειρά:Cambridge Middle East library
Θέματα:
Ετικέτες: Προσθήκη ετικέτας
Δεν υπάρχουν, Καταχωρήστε ετικέτα πρώτοι!

MARC

LEADER 00000nam a2200000 i 4500
001 1/62145
008 930916s eng d
020 |a 0-521-32455-6 
035 |a ΛΕΣΒΟΣb10000981  |l 10000981 
040 |a GR-MY-UA  |b gre  |e aacr 
041 0 |a eng 
082 0 |a 330.9646 
100 1 |a Schroeter, Daniel J. 
245 1 0 |a Merchants of essaouira :  |b urban society and imperialism in southwestern Morocco, 1844-1886 /  |c Daniel J. Schroeter 
260 |a Cambridge :   |b Cambridge University Press,   |c c1987 
300 |a 322 p. 
490 1 |a Cambridge Middle East library 
504 |a Includes bibliographical references and index 
650 0 0 |a Merchants  |z Morocco  |z Essaouira  |x History  |y 18th century. 
650 0 0 |a Merchants  |z Morocco  |z Essaouira  |x History  |y 19th century. 
650 0 0 |a Capitalism  |z Morocco  |z Essaouira  |x History  |y 18th century. 
650 0 0 |a Capitalism  |z Morocco  |z Essaouira  |x History  |y 19th century. 
651 0 |a Essaouira (Morocco)  |x Economic conditions. 
651 0 |a Essaouira (Morocco)  |x Social life and customs. 
830 0 |a Cambridge Middle East library 
852 |a INST  |b LESVOS  |e 19930916  |h 330.9646 SCH  |p 005100004459  |q 005100004459  |t BK  |y 0 
909 |a Λ  |b 023018